| 000 | 01279cam a2200361 a 4500 | ||
|---|---|---|---|
| 001 | 16810722 | ||
| 003 | USPCAS-E | ||
| 005 | 20180118181413.0 | ||
| 008 | 110604s2011 ne a b 001 0 eng | ||
| 010 | _a 2011414430 | ||
| 020 | _a9780080890524 | ||
| 040 |
_aDLC _cDLC |
||
| 042 | _apcc | ||
| 050 | 0 | 0 |
_aTH880 _b.K87 2011 |
| 082 |
_223 _a721.04672 _bKWO-G 2011 |
||
| 100 | 1 | _aKwok, Alison G. | |
| 245 | 1 | 4 |
_aThe green studio handbook : _benvironmental strategies for schematic design / _cAlison G. Kwok and Walter T. Grondzik. |
| 250 | _a2nd ed. | ||
| 260 |
_aAmsterdam ; _aBoston : _bElsevier.Architectural Press, _c2011. |
||
| 300 |
_ax, 424 p. : _bcol. ill. ; _c28 cm. |
||
| 502 | _a0 | ||
| 504 | _aIncludes bibliographical references and index. | ||
| 650 | 0 | _aSustainable architecture. | |
| 650 | 0 |
_aArchitecture _xEnvironmental aspects. |
|
| 650 | 0 |
_aBuilding _xTechnological innovations. |
|
| 650 | 0 |
_aSustainable architecture _vCase studies. |
|
| 650 | 0 |
_aArchitecture _xEnvironmental aspects _vCase studies. |
|
| 650 | 0 |
_aBuilding _xTechnological innovations _vCase studies. |
|
| 700 | 1 | _aGrondzik, Walter T. | |
| 906 |
_a7 _bcbc _corigcop _d2 _encip _f20 _gy-gencatlg |
||
| 942 |
_2ddc _cBK |
||
| 999 |
_c355765 _d355765 |
||